Normal view
MARC view
Entry Nome pessoal
001 - NÚMERO DE CONTROLE
- campo de controle: 573
003 - IDENTIFICADOR DO NÚMERO DE CONTROLE
- campo de controle: Br
005 - DATA E HORÁRIO DA ÚLTIMA TRANSAÇÃO
- campo de controle: 20250318145008.0
008 - CAMPO DE DADOS FIXOS
- campo de controle de tamanho fixo: 971204n acnnnaab| aaaa
035 ## - NÚMERO DE CONTROLE DO SISTEMA
- Número de Controle do Sistema: 97120413521337E19
040 ## - FONTE DA CATALOGAÇÃO
- Instituição da catalogação original: Br
- Instituição que transcreveu o registro: Br
100 1# - CABEÇALHO--NOME PESSOAL
- Nome pessoal: Stendhal,
- Datas associadas ao nome: 1783-1842
400 1# - REMISSIVA VER--NOME PESSOAL
- Nome pessoal: Beyle, Henri
- Datas associadas ao nome: 1783-1842
400 1# - REMISSIVA VER--NOME PESSOAL
- Nome pessoal: Brulard, Henry
- Datas associadas ao nome: 1783-1842
400 1# - REMISSIVA VER--NOME PESSOAL
- Nome pessoal: Bombet, L. A. C.
- Datas associadas ao nome: 1783-1842
400 1# - REMISSIVA VER--NOME PESSOAL
- Nome pessoal: Stendahl, M. de
- Datas associadas ao nome: 1783-1842
400 1# - REMISSIVA VER--NOME PESSOAL
- Nome pessoal: Beyle, Marie Henri
- Datas associadas ao nome: 1783-1842
400 1# - REMISSIVA VER--NOME PESSOAL
- Nome pessoal: Stendahl, Henri de
- Datas associadas ao nome: 1783-1842
400 1# - REMISSIVA VER--NOME PESSOAL
- Nome pessoal: Beyle de Stendahl, Henri
- Datas associadas ao nome: 1783-1842
670 ## - FONTE POSITIVA DOS DADOS
- Citação da fonte positiva dos dados: Autor de: A cartuxa de Parma. [1983?]
670 ## - FONTE POSITIVA DOS DADOS
- Citação da fonte positiva dos dados: http://authorities.loc.gov 4/4/2013
- Dados encontrados na fonte localizada no subcampo: (D., rems.)
670 ## - FONTE POSITIVA DOS DADOS
- Citação da fonte positiva dos dados: http://en.wikipedia.org/wiki/Stendhal
- Dados encontrados na fonte localizada no subcampo: (Marie-Henri Beyle nasceu no dia 23 de janeiro de 1783 e faleceu no dia 23 de março de 1842, mais conhecido com o nome Stendhal, foi um escritor francês)